000 00512nam a2200205Ia 4500
003 0100
008 130227s9999 xx 000 0 und d
040 _cARRUPELIB
050 _aLA217.G88 1987
100 _aGutmann, Amy
245 _aDemocratic education
260 _aPrinceton
260 _bPrinceton University Press
260 _C1987
300 _axii
300 _b 321p. 24cm.
650 _bCatholic Church and philosophy
650 _cCatholic philosophers - Religious life
942 _2lcc
_04
999 _c5955
_d5955